LEADER 01093nam a2200217 i 4500 001 000000017760 003 CaOOAMICUS 005 20180830125443.0 008 180830s1929 it u000 u ita u 040 $aSeMil$bita 100 1 $aMonnin, Alfred .$0(OLS)http://semarc/name/3320 245 13$aIl Curato d'Ars, 1786-1859 :$bvita di S. Giov. Maria Battista Vianney /$cAlfredo Monnin. 250 $a10. Ed. 260 $aTorino ; Roma :$bMarietti,$c1929. 300 $a2 v. ;$c18 cm. 500 $aIn mezzo al front. : Versione della Contessa E. Manna Crippa corretta ed aumentata di note e dei Decreti di Beatificazione e Canonizzazione dei Miracoli dal P. Ottavio Principe S. J. 600 14$aVianney, Jean-Marie Baptiste .$0(OLS)http://semarc/subject/2781 774 0 $aMonnin, Alfred $tVolume 1.$w()161127 774 0 $aMonnin, Alfred $tVolume 2.$w()161128 996 $6245$aIl Curato d'Ars, 1786-1859 :$bvita di S. Giov. Maria Battista Vianney$9(OLS)http://semarc/title/23460 996 $6260$aTorino ; Roma :$bMarietti$9(OLS)http://semarc/publisher/32636 LEADER 01778nam a2200301 i 4500 001 000000031390 003 CaOOAMICUS 005 20180830125449.0 008 180830n it u000 u ita u 040 $aSeMil$bita 245 10$aDecreta et canones Congregationis Societatis Iesu. 260 $a[S.l. :$bs.n.,$c1646-1688] 300 $a1 v. ;$c12°. 500 $aRaccoglie in 1 vol. i Decreta et Canones della Societą di Gesł da 8 a 13. - Non posseduto il vol. [1] che raccoglie i Decreta da 1 a 7. - Titolo assegnato sul dorso della legatura. 650 4$aGesuiti - Regole e Costituzioni.$0(OLS)http://semarc/subject/5033 710 2 $aGesuiti$c.$0(OLS)http://semarc/name/939 774 0 $tDecreta congregationis octavae generalis. Decretum 1. in ms. sess. 41.$g[8$w()238878 774 0 $tDecreta congregationis nonae generalis.$g[9$w()238879 774 0 $tCanones congregationis nonae generalis.$g[9$w()238880 774 0 $tDecreta Congregationis generalis decimae.$g[10$w()238881 774 0 $tCanones Congregationis generalis decimae.$g[10$w()238882 774 0 $tCanones octavae Congregationis generalis.$g[8$w()238883 774 0 $tDecreta Congregationis generalis undecimae.$d(Romae : Ex Typographia Varesij, 1662)$g[11$w()238884 774 0 $tCanones Congregationis generalis undecimae.$d(Romae : Ex Typographia Varesij, 1662)$g[11$w()238885 774 0 $tDecreta Congregationis generalis duodecimae.$d(Romae : Ex Typis Varesij, 1683)$g[12$w()238886 774 0 $tDecreta Congregationis generalis 13.$d(Romae : Ex Typographia Iacobi Antonij de Lazzaris Varesij, 1688)$g[13$w()238888 996 $6245$aDecreta et canones Congregationis Societatis Iesu$9(OLS)http://semarc/title/42678 996 $6260$a[S.l. :$bs.n.$9(OLS)http://semarc/publisher/31686